00301nam a2200121Ia 4500008004100000041000800041082001200049100002200061245002800083260003700111300002400148365000700172240624s9999 xx 000 0 und d aeng a828 ANA aANANTHAMURTHY U R aHINDUTVA OR HIND SWARAJ c2016aNew YorkbHarper Perennial a122 : p. : cm. ; 20 cRS